Statistics for NFL Analogies

Click here to take the quiz!

General Stats

  • This quiz has been taken 84 times
  • The average score is 7 of 15

Answer Stats

HintAnswer% Correct
Packers are to Bears as ________ are to RavensSteelers
83%
Soldier is to Chicago as _______ is to Green BayLambeau
82%
Mean is to Joe Greene as Night Train is to _____Dick Lane
79%
Punt is to Lechler as ____ is to AndersenKick
78%
Beastmode is to Lynch as _______ is to PaytonSweetness
67%
Bounty is to Saints as ________ is to PatriotsDeflate
59%
Orange Crush is to Broncos as _____ _______ is to PittsburghSteel Curtain
54%
Dawson is to Chiefs as ______ is to JetsNamath
45%
Bo Jackson is to Tampa Bay as _____ is to BaltimoreElway
40%
Colts are to Baltimore as Ravens are to _________Cleveland
36%
Lombardi is to Green Bay as _____ is to ChicagoHalas
29%
Fine is to Marshawn Lynch as __________ is to Greg HardySuspension
26%
Kaepernick is to Royals as Elway is to _______Yankees
17%
Walsh is to West Coast as Ryan is to __46
14%
Davis is to Radiers as ______ is to BroncosBowlen
6%

Score Distribution

Percentile by Number Answered

Percent of People with Each Score

Your Score History

You have not taken this quiz